[Event "72. C.to Provinciale PC"]
[Site "Piacenza ITA"]
[Date "2012.04.15"]
[Round "4"]
[White "Carbone, Lorenzo"]
[Black "Ferretti, Alessandro"]
[Result "0-1"]
[WhiteElo "1706"]
[BlackElo "2012"]
[Annotator "Gabriele Ballarin"]
[PlyCount "84"]
[EventDate "2012.04.13"]
[EventType "tourn"]
[EventRounds "5"]
[EventCountry "ITA"]

1. e4 c5 2. Nf3 Nc6 3. d4 cxd4 4. Nxd4 Nf6 5. Nc3 e5 6. Nb3 Bb4 7. Bd3 d5 8. Bd2 Bxc3 9. Bxc3 dxe4 10. Be2 O-O 11. O-O Qc7 12. Qd2 Rd8 13. Qe3 Bf5 14. Rad1 Nd5 15. Qg3 Rac8 16. a3 Nxc3 17. Qxc3 Nd4 18. Nxd4 Qxc3 19. bxc3 exd4 20. cxd4 Rxc2 21. Rfe1 Ra2 22. g4 Rxe2 23. Rxe2 Bxg4 24. Kf1 Bxe2+ 25. Kxe2 f5 26. Ke3 Kf7 27. Rc1 Rd7 28. Rc5 Kf6 29. a4 Rd6 30. Rc3 Rb6 31. Ra3 g6 32. a5 Rc6 33. Rb3 b6 34. axb6 Rxb6 35. Rc3 a5 36. Ra3 Rb5 37. f3 exf3 38. Kxf3 Ke6 39. Re3+ Kd6 40. Kf4 Rb4 41. Rd3 Kd5 42. Ke3 a4 0-1

[Event "72. C.to Provinciale PC"]
[Site "Piacenza ITA"]
[Date "2012.04.15"]
[Round "5"]
[White "Ferretti, Alessandro"]
[Black "Bonadè, Massimo"]
[Result "1-0"]
[WhiteElo "2012"]
[BlackElo "2064"]
[Annotator "Gabriele Ballarin"]
[PlyCount "81"]
[EventDate "2012.04.13"]
[EventType "tourn"]
[EventRounds "5"]
[EventCountry "ITA"]

1. e4 c5 2. Nf3 d6 3. d4 cxd4 4. Nxd4 Nf6 5. Nc3 a6 6. Bg5 e6 7. f4 Be7 8. Qf3 Qc7 9. O-O-O Nbd7 10. g4 b5 11. Bxf6 Bxf6 12. g5 Bxd4 13. Rxd4 Bb7 14. Bg2 Rc8 15. Rhd1 Nc5 16. Qf2 O-O 17. a3 Rfd8 18. Qd2 d5 19. Kb1 e5 20. fxe5 Ne6 21. Nxd5 Bxd5 22. Rxd5 a5 23. Bh3 Rxd5 24. exd5 Rd8 25. Bxe6 fxe6 26. d6 Qa7 27. Qd4 Qb7 28. Qg4 Qd7 29. Rd3 Rc8 30. Qd4 b4 31. axb4 axb4 32. Qxb4 Qc6 33. Qd2 Qd7 34. b3 Ra8 35. Rd4 Rf8 36. Ra4 Qb5 37. d7 Qb6 38. Qd6 Qg1+ 39. Kb2 Qxg5 40. Qxe6+ Kh8 41. Qe8 1-0

[Event "72. C.to Provinciale PC"]
[Site "Piacenza ITA"]
[Date "2012.04.15"]
[Round "5"]
[White "Guzzetti, Luigi Enrico"]
[Black "Carbone, Lorenzo"]
[Result "1-0"]
[WhiteElo "1943"]
[BlackElo "1706"]
[Annotator "Gabriele Ballarin"]
[PlyCount "27"]
[EventDate "2012.04.13"]
[EventType "tourn"]
[EventRounds "5"]
[EventCountry "ITA"]

1. e4 c5 2. Nf3 d6 3. d4 cxd4 4. Nxd4 Nf6 5. Nc3 e6 6. Be3 Be7 7. Be2 a6 8. f4 Qc7 9. O-O b5 10. Bf3 Bb7 11. e5 Nfd7 12. exd6 Bxd6 13. Ndxb5 axb5 14. Nxb5 1-0

[Event "72. C.to Provinciale RC"]
[Site "Reggio di calabria ITA"]
[Date "2012.05.04"]
[Round "1"]
[White "Ambalagi, Salvatore"]
[Black "Attina', Rodolfo"]
[Result "1-0"]
[WhiteElo "1374"]
[BlackElo "1575"]
[Annotator "Gabriele Ballarin"]
[PlyCount "47"]
[EventDate "2012.05.04"]
[EventType "swiss"]
[EventCountry "ITA"]

1. e4 c5 2. Nf3 Nc6 3. Bc4 e6 4. c3 g6 5. d4 Na5 6. Bd3 cxd4 7. cxd4 Nc6 8. a3 Bg7 9. Be3 a6 10. Nc3 Nge7 11. O-O O-O 12. h3 b5 13. Qd2 Re8 14. Bh6 Bb7 15. Bxg7 Kxg7 16. d5 Na5 17. Bc2 Nc4 18. Qd4+ Kg8 19. b3 exd5 20. bxc4 dxe4 21. Nxe4 Nf5 22. Nf6+ Kg7 23. Nxe8+ Kh6 24. Qf4+ 1-0

[Event "72. C.to Provinciale RC"]
[Site "Reggio di calabria ITA"]
[Date "2012.05.04"]
[Round "1"]
[White "Barbera, Giuseppe"]
[Black "Cordi', Domenico"]
[Result "0-1"]
[WhiteElo "1543"]
[BlackElo "2075"]
[Annotator "Gabriele Ballarin"]
[PlyCount "62"]
[EventDate "2012.05.04"]
[EventType "swiss"]
[EventCountry "ITA"]

1. e4 Nf6 2. e5 Nd5 3. c4 Nb6 4. d4 d6 5. Nc3 dxe5 6. dxe5 Qxd1+ 7. Nxd1 Nc6 8. Nf3 Bg4 9. Bf4 e6 10. a3 Bxf3 11. gxf3 Nd4 12. Ne3 Nxf3+ 13. Ke2 Nd4+ 14. Ke1 g5 15. Bxg5 Nf3+ 16. Ke2 Nxg5 17. Ng4 O-O-O 18. f4 Ne4 19. Ke3 Nd2 20. Rc1 h5 21. Nf6 Bc5+ 22. Ke2 Nb3 23. Rc3 Rd2+ 24. Kf3 Rf2+ 25. Kg3 Rxb2 26. Rd3 Bf2+ 27. Kh3 Nc5 28. Rf3 Nbd7 29. Nxd7 Kxd7 30. f5 Rg8 31. f6 Rg4 0-1

[Event "72. C.to Provinciale RC"]
[Site "Reggio di calabria ITA"]
[Date "2012.05.04"]
[Round "1"]
[White "Carbone, Stefano"]
[Black "Romeo, Giovanni M"]
[Result "1-0"]
[WhiteElo "1980"]
[BlackElo "1473"]
[Annotator "Gabriele Ballarin"]
[PlyCount "59"]
[EventDate "2012.05.04"]
[EventType "swiss"]
[EventCountry "ITA"]

1. g3 d5 2. Bg2 e6 3. c4 Nf6 4. Nf3 Bd6 5. O-O Bd7 6. b3 Nc6 7. Bb2 Qe7 8. d4 O-O-O 9. c5 Ne4 10. cxd6 Nxd6 11. Nc3 Rdg8 12. Rc1 g5 13. Ba3 g4 14. Ne5 Nxe5 15. dxe5 Nf5 16. Bxe7 Nxe7 17. Qc2 Kb8 18. Nb5 Bxb5 19. Qxc7+ Ka8 20. Qxe7 Re8 21. Qb4 Ba6 22. Rc7 Rb8 23. Rfc1 Rhe8 24. e4 d4 25. Qxd4 f5 26. exf5 exf5 27. h4 gxh3 28. Bf3 Rec8 29. Rxc8 Rxc8 30. Rxc8# 1-0

[Event "72. C.to Provinciale RC"]
[Site "Reggio di calabria ITA"]
[Date "2012.05.04"]
[Round "1"]
[White "Falcomata', Gesualdo"]
[Black "Pallonetto, Cristofaro"]
[Result "1-0"]
[WhiteElo "2065"]
[BlackElo "1494"]
[Annotator "Gabriele Ballarin"]
[PlyCount "81"]
[EventDate "2012.05.04"]
[EventType "swiss"]
[EventCountry "ITA"]

1. c4 c5 2. Nf3 Nc6 3. g3 Nf6 4. Bg2 d6 5. O-O g6 6. d4 cxd4 7. Nxd4 Bd7 8. Nc3 Bg7 9. Nc2 O-O 10. e4 Ne5 11. Ne3 Rc8 12. b3 a6 13. Bb2 Bc6 14. Qe2 Nfd7 15. f4 Nxc4 16. Nxc4 b5 17. Ne3 b4 18. Ncd1 Bb5 19. Nc4 e6 20. Bxg7 Kxg7 21. Qb2+ f6 22. Nde3 Nb6 23. Rfc1 Nxc4 24. bxc4 Be8 25. Qxb4 Rb8 26. Qd2 Rf7 27. Rab1 Rxb1 28. Rxb1 Qc7 29. h4 Qc5 30. Kh2 h5 31. Rb3 Bc6 32. Qb4 Qd4 33. Qc3 Qc5 34. Ra3 Ra7 35. Ra5 Qb6 36. c5 dxc5 37. Rxc5 Be8 38. f5 gxf5 39. exf5 e5 40. Nd5 Qd6 41. Rc7+ 1-0

[Event "72. C.to Provinciale RC"]
[Site "Reggio di calabria ITA"]
[Date "2012.05.04"]
[Round "1"]
[White "Ferro, Ferruccio"]
[Black "Pegna, Giuseppe"]
[Result "1/2-1/2"]
[WhiteElo "1708"]
[BlackElo "1386"]
[Annotator "Gabriele Ballarin"]
[PlyCount "58"]
[EventDate "2012.05.04"]
[EventType "swiss"]
[EventCountry "ITA"]

1. e4 d5 2. exd5 Qxd5 3. Nc3 Qe5+ 4. Qe2 Qxe2+ 5. Bxe2 Nf6 6. Nf3 a6 7. Bc4 e6 8. a3 b5 9. Be2 Be7 10. O-O O-O 11. b4 Bb7 12. Bb2 c5 13. bxc5 Bxc5 14. d4 Bd6 15. Rad1 Nc6 16. d5 Ne5 17. Nxe5 Bxe5 18. f4 Bb8 19. dxe6 Ba7+ 20. Kh1 Ne4 21. Nxe4 Bxe4 22. e7 Rfe8 23. Bf3 Bxf3 24. Rxf3 Rxe7 25. Rfd3 h6 26. Bd4 Rae8 27. Bxa7 Rxa7 28. g3 Rc7 29. c3 a5 1/2-1/2

[Event "72. C.to Provinciale RC"]
[Site "Reggio di calabria ITA"]
[Date "2012.05.04"]
[Round "1"]
[White "Forlano, Luigi"]
[Black "Familari, Simone"]
[Result "1-0"]
[WhiteElo "1956"]
[BlackElo "1455"]
[Annotator "Gabriele Ballarin"]
[PlyCount "63"]
[EventDate "2012.05.04"]
[EventType "swiss"]
[EventCountry "ITA"]

1. e4 e5 2. Nf3 Nc6 3. Bc4 Be7 4. O-O Nf6 5. d4 d6 6. Nc3 Bg4 7. Bb5 a6 8. Bxc6+ bxc6 9. dxe5 dxe5 10. Qxd8+ Rxd8 11. Nxe5 Bd7 12. Rd1 g6 13. Bg5 h6 14. Bh4 g5 15. Bg3 h5 16. Nxd7 Nxd7 17. Bxc7 Rc8 18. Bd6 Bxd6 19. Rxd6 Nc5 20. Rad1 O-O 21. f3 f6 22. b4 Nb7 23. Rd7 Nd8 24. Ra7 g4 25. Rdd7 Ne6 26. Rxa6 Rb8 27. a3 Rfc8 28. Raa7 gxf3 29. gxf3 c5 30. Nd5 cxb4 31. Nxf6+ Kf8 32. Rf7# 1-0

[Event "72. C.to Provinciale RC"]
[Site "Reggio di calabria ITA"]
[Date "2012.05.04"]
[Round "1"]
[White "Manti, Elisa"]
[Black "Scerbo, Antonio"]
[Result "0-1"]
[WhiteElo "1494"]
[BlackElo "2042"]
[Annotator "Gabriele Ballarin"]
[PlyCount "62"]
[EventDate "2012.05.04"]
[EventType "swiss"]
[EventCountry "ITA"]

1. e4 c5 2. Bc4 e6 3. Nc3 Nc6 4. d3 g6 5. Nf3 Bg7 6. Nb5 d6 7. Bf4 e5 8. Bg3 Nge7 9. Ng5 O-O 10. Qf3 d5 11. exd5 Nb4 12. O-O a6 13. d6 Nf5 14. Nxf7 Rxf7 15. Bxf7+ Kxf7 16. c3 axb5 17. cxb4 Qxd6 18. bxc5 Qxc5 19. Rac1 Qd6 20. Rfd1 Kg8 21. Rd2 Bh6 22. Rxc8+ Rxc8 23. Rd1 Nxg3 24. Qxg3 Bf4 25. Qh3 Rc2 26. g3 Bg5 27. f4 exf4 28. gxf4 Qd4+ 29. Kh1 Qd5+ 30. Kg1 Bf6 31. Kf1 Qh1# 0-1

[Event "72. C.to Provinciale RC"]
[Site "Reggio di calabria ITA"]
[Date "2012.05.04"]
[Round "1"]
[White "Sgro', Valerio"]
[Black "Familari, Giuseppe"]
[Result "0-1"]
[WhiteElo "1467"]
[BlackElo "1958"]
[Annotator "Gabriele Ballarin"]
[PlyCount "56"]
[EventDate "2012.05.04"]
[EventType "swiss"]
[EventCountry "ITA"]

1. e4 c5 2. Nf3 a6 3. Nc3 e6 4. a3 b5 5. d4 cxd4 6. Nxd4 Bb7 7. Bd3 d6 8. O-O Nf6 9. Bg5 Be7 10. Qe2 Nbd7 11. Rad1 O-O 12. Nf3 Rc8 13. h3 Re8 14. Rfe1 Qc7 15. Bf4 Qb8 16. Rd2 Bf8 17. Red1 Qa8 18. Qe3 e5 19. Bg3 d5 20. exd5 Rxc3 21. bxc3 Nxd5 22. Bxh7+ Kxh7 23. Qe4+ Kg8 24. Ng5 N7f6 25. Qh4 Ne7 26. Rd6 Ng6 27. Qb4 Nd5 28. R1xd5 Bxd5 0-1

[Event "72. C.to Provinciale RC"]
[Site "Reggio di calabria ITA"]
[Date "2012.05.04"]
[Round "1"]
[White "Vallone, Rosario"]
[Black "Fariselli, Umberto"]
[Result "1-0"]
[WhiteElo "1557"]
[BlackElo "1287"]
[Annotator "Gabriele Ballarin"]
[PlyCount "127"]
[EventDate "2012.05.04"]
[EventType "swiss"]
[EventCountry "ITA"]

1. d4 d5 2. c4 e6 3. Nc3 c6 4. e3 Nf6 5. Nf3 Bd6 6. Bd3 Nbd7 7. O-O b6 8. Nd2 Qc7 9. f4 O-O 10. Nf3 Be7 11. Qc2 Ba6 12. b3 Rac8 13. Bb2 h6 14. Ne5 Nxe5 15. fxe5 Ne4 16. Nxe4 dxe4 17. Bxe4 Bg5 18. Qf2 b5 19. Rad1 bxc4 20. Rc1 Qa5 21. Bc3 Qd8 22. b4 Bb5 23. Bc2 Bh4 24. Qe2 f5 25. exf6 Bxf6 26. a4 Ba6 27. Be4 Qd6 28. Qh5 Qe7 29. Qg6 e5 30. Qh7+ Kf7 31. b5 cxb5 32. axb5 Bxb5 33. Bg6+ Ke6 34. d5+ Kd6 35. Bf5 Kc5 36. Be6 Rb8 37. Qc2 Kb6 38. Be1 Bg5 39. Bf2 Qc5 40. Rce1 Rf6 41. h4 Rxf2 42. Qxf2 Bf6 43. Rb1 Qe7 44. Rfc1 Rf8 45. e4+ Qc5 46. Qxc5+ Kxc5 47. g3 a6 48. d6 Kxd6 49. Bxc4 Rb8 50. Bxb5 Rxb5 51. Rxb5 axb5 52. Kf2 Be7 53. Ke2 Kd7 54. Kd3 b4 55. Kc4 Ke6 56. Rf1 g6 57. Kb5 h5 58. Kc6 Bf6 59. Rd1 Be7 60. Rd3 g5 61. hxg5 Bxg5 62. Kb5 Be7 63. Rf3 Kd6 64. Kxb4 1-0

[Event "72. C.to Provinciale RC"]
[Site "Reggio di calabria ITA"]
[Date "2012.05.05"]
[Round "2"]
[White "Attina', Rodolfo"]
[Black "Ferro, Ferruccio"]
[Result "0-1"]
[WhiteElo "1575"]
[BlackElo "1708"]
[Annotator "Gabriele Ballarin"]
[PlyCount "114"]
[EventDate "2012.05.04"]
[EventType "swiss"]
[EventCountry "ITA"]

1. d4 Nf6 2. Nf3 e6 3. e3 b6 4. a3 Bb7 5. c4 c5 6. d5 exd5 7. cxd5 Bxd5 8. Nc3 Bc6 9. Bd3 Be7 10. O-O O-O 11. Re1 d5 12. e4 dxe4 13. Ne5 Bb7 14. Bc2 Bd6 15. Ng4 Nxg4 16. Qxg4 f5 17. Qh5 Nd7 18. Rd1 Qc7 19. Nb5 Bxh2+ 20. Qxh2 Qc6 21. Nd6 b5 22. Bf4 Nf6 23. Nxf5 Qe6 24. Qh3 Bc8 25. Bd6 Re8 26. Ne7+ Rxe7 27. Bxe7 Qxe7 28. Qh4 Bf5 29. Re1 Qe5 30. Rad1 Re8 31. b3 Qb2 32. Rd2 e3 33. Rxe3 Qc1+ 34. Kh2 Ng4+ 35. Qxg4 Bxg4 36. Rxe8+ Kf7 37. Red8 Qxa3 38. R2d7+ Bxd7 39. Rxd7+ Kf6 40. Rd5 h6 41. f4 Qc1 42. Rf5+ Ke6 43. Be4 Qe3 44. Re5+ Kd6 45. Rd5+ Kc7 46. Bf3 Qxf4+ 47. Kh3 Kb6 48. Rd8 Qf6 49. Rc8 Qe6+ 50. Bg4 Qe3+ 51. Bf3 Qxb3 52. Rc6+ Ka5 53. Rxc5 Qe6+ 54. g4 Qe3 55. Rf5 Ka4 56. Kg3 b4 57. Rf7 g5 0-1

[Event "72. C.to Provinciale RC"]
[Site "Reggio di calabria ITA"]
[Date "2012.05.05"]
[Round "2"]
[White "Carbone, Edoardo"]
[Black "Carbone, Stefano"]
[Result "0-1"]
[WhiteElo "1837"]
[BlackElo "1980"]
[Annotator "Gabriele Ballarin"]
[PlyCount "70"]
[EventDate "2012.05.04"]
[EventType "swiss"]
[EventCountry "ITA"]

1. e4 Nf6 2. Nc3 d5 3. exd5 Nxd5 4. Nxd5 Qxd5 5. Nf3 g6 6. Be2 Bg7 7. O-O c5 8. d3 Nc6 9. Be3 O-O 10. c4 Qd6 11. Qd2 Rd8 12. Bf4 e5 13. Be3 Bf5 14. Ne1 Rac8 15. Rd1 Nd4 16. Bxd4 Qxd4 17. Nc2 Qd7 18. Ne3 Be6 19. h3 Bh6 20. Bg4 f5 21. Be2 Rc6 22. Qc2 Rd6 23. Nd5 Bxd5 24. cxd5 Rxd5 25. h4 b6 26. h5 Kg7 27. hxg6 hxg6 28. Bf3 Rd4 29. a3 Rxd3 30. Rxd3 Qxd3 31. Qxd3 Rxd3 32. Rd1 Rxd1+ 33. Bxd1 Bc1 34. b4 Bxa3 35. bxc5 Bxc5 0-1

[Event "72. C.to Provinciale RC"]
[Site "Reggio di calabria ITA"]
[Date "2012.05.05"]
[Round "2"]
[White "Cordi', Domenico"]
[Black "Valotta, Massimiliano"]
[Result "1-0"]
[WhiteElo "2075"]
[BlackElo "1842"]
[Annotator "Gabriele Ballarin"]
[PlyCount "73"]
[EventDate "2012.05.04"]
[EventType "swiss"]
[EventCountry "ITA"]

1. d4 d5 2. c4 c6 3. Nc3 Nf6 4. Nf3 g6 5. Bf4 Nh5 6. Be5 f6 7. Bxb8 Rxb8 8. cxd5 Bh6 9. e3 a6 10. Qb3 Qd6 11. Be2 Ng7 12. O-O g5 13. Nd2 cxd5 14. Qxd5 Qb6 15. Nc4 Qc7 16. Qc5 Qd8 17. Qb6 O-O 18. Qxd8 Rxd8 19. Nb6 Be6 20. a4 Rd6 21. a5 Bf7 22. Rfc1 f5 23. Nca4 f4 24. Nc8 fxe3 25. Nxd6 exf2+ 26. Kxf2 exd6 27. Nb6 Be6 28. g4 Rf8+ 29. Kg3 Ne8 30. d5 Nf6 31. dxe6 Ne4+ 32. Kg2 Rf2+ 33. Kg1 Rxe2 34. Re1 Rxe1+ 35. Rxe1 Nf6 36. Nd7 Ne8 37. Rc1 1-0

[Event "72. C.to Provinciale RC"]
[Site "Reggio di calabria ITA"]
[Date "2012.05.05"]
[Round "2"]
[White "Familari, Giuseppe"]
[Black "Mercuri, Delia"]
[Result "1-0"]
[WhiteElo "1958"]
[BlackElo "1655"]
[Annotator "Gabriele Ballarin"]
[PlyCount "77"]
[EventDate "2012.05.04"]
[EventType "swiss"]
[EventCountry "ITA"]

1. e4 e5 2. Bc4 Nf6 3. d3 d5 4. exd5 Bg4 5. Nf3 Nxd5 6. h3 Bh5 7. g4 Bg6 8. Nxe5 Qe7 9. O-O Qd6 10. Re1 Be7 11. b3 Nd7 12. Ba3 c5 13. Nxd7 Qxd7 14. Bxc5 O-O 15. Bxe7 Nxe7 16. d4 Rad8 17. c3 b5 18. Bxb5 Qxb5 19. Rxe7 Qg5 20. Re3 h5 21. Nd2 f5 22. Nf3 Qf6 23. g5 Qd6 24. Ne5 f4 25. Re1 Be8 26. Qf3 h4 27. Kh2 Rf5 28. Rg1 g6 29. Rg4 Rc8 30. Rd1 a5 31. c4 Qa3 32. Qb7 Rd8 33. Qc7 Rd6 34. Rxh4 Rxe5 35. Qh7+ Kf8 36. Qh8+ Ke7 37. Qxe5+ Kd8 38. Rh7 Rb6 39. Qc7# 1-0

[Event "72. C.to Provinciale RC"]
[Site "Reggio di calabria ITA"]
[Date "2012.05.05"]
[Round "2"]
[White "Luca', Alessandro"]
[Black "Falcomata', Gesualdo"]
[Result "0-1"]
[WhiteElo "1847"]
[BlackElo "2065"]
[Annotator "Gabriele Ballarin"]
[PlyCount "74"]
[EventDate "2012.05.04"]
[EventType "swiss"]
[EventCountry "ITA"]

1. e4 d6 2. d4 Nf6 3. Bd3 c6 4. c4 e5 5. dxe5 dxe5 6. Nf3 Nbd7 7. O-O Be7 8. b3 O-O 9. Bb2 Qc7 10. Qe2 Re8 11. Nc3 Nc5 12. Ne1 Bg4 13. f3 Bh5 14. b4 Nxd3 15. Nxd3 Bxb4 16. c5 Qa5 17. Nxb4 Qxc5+ 18. Rf2 Qxb4 19. Rb1 Qe7 20. Qc4 Nd7 21. Bc1 b6 22. Be3 Qe6 23. Qa6 Nf8 24. Rd2 f6 25. Rbd1 Bf7 26. Rd6 Qc8 27. Qd3 Ne6 28. Rd7 Nd4 29. Rxf7 Kxf7 30. Bxd4 exd4 31. Qxd4 Rd8 32. Qc4+ Qe6 33. Rd4 c5 34. Rd5 Rxd5 35. Nxd5 Rd8 36. Qa6 Rxd5 37. exd5 Qe1+ 0-1

[Event "72. C.to Provinciale RC"]
[Site "Reggio di calabria ITA"]
[Date "2012.05.05"]
[Round "2"]
[White "Luvera', Filippo"]
[Black "Vallone, Rosario"]
[Result "1-0"]
[WhiteElo "1920"]
[BlackElo "1557"]
[Annotator "Gabriele Ballarin"]
[PlyCount "123"]
[EventDate "2012.05.04"]
[EventType "swiss"]
[EventCountry "ITA"]

1. e4 e6 2. d4 d5 3. Nd2 c5 4. exd5 Qxd5 5. Ngf3 Nf6 6. Bc4 Qd6 7. Nb3 cxd4 8. Qxd4 Qxd4 9. Nbxd4 Bc5 10. O-O O-O 11. a4 b6 12. Nb3 Nbd7 13. Bg5 Bb7 14. Nxc5 bxc5 15. Nd2 Rab8 16. Rad1 Nd5 17. b3 h6 18. Bh4 Nf4 19. Bg3 g5 20. Bxf4 gxf4 21. Nf3 Nb6 22. Ne5 Bd5 23. Bxd5 exd5 24. a5 Na8 25. Nd7 Rbd8 26. Nxf8 Kxf8 27. Rfe1 Rd6 28. Re5 Nc7 29. Rf5 Kg7 30. Rxf4 Ra6 31. Ra1 Kg6 32. Rg4+ Kf6 33. Rg8 Ne6 34. Rc8 Ke5 35. c3 d4 36. cxd4+ Kxd4 37. Kf1 Kc3 38. Rb8 Kb2 39. Ra4 Nd4 40. b4 c4 41. b5 Re6 42. Rxc4 Nc2 43. Rxc2+ Kxc2 44. f3 Re7 45. b6 axb6 46. axb6 Kd2 47. b7 Ke3 48. Ke1 h5 49. h4 Kf4+ 50. Kf2 Kf5 51. g3 Kf6 52. Rh8 Rxb7 53. Rxh5 Re7 54. g4 Kg6 55. Rc5 f6 56. Kg3 Rb7 57. h5+ Kh6 58. Kf4 Kg7 59. Kf5 Rf7 60. f4 Kh6 61. Rc6 Kg7 62. h6+ 1-0

[Event "72. C.to Provinciale RC"]
[Site "Reggio di calabria ITA"]
[Date "2012.05.05"]
[Round "2"]
[White "Pegna, Giuseppe"]
[Black "Paragliola, Gennaro"]
[Result "0-1"]
[WhiteElo "1386"]
[BlackElo "1554"]
[Annotator "Gabriele Ballarin"]
[PlyCount "52"]
[EventDate "2012.05.04"]
[EventType "swiss"]
[EventCountry "ITA"]

1. d4 Nf6 2. c4 d6 3. Nf3 g6 4. Bg5 Bg7 5. e3 O-O 6. Be2 c5 7. d5 Nxd5 8. Qb3 Nb6 9. Nc3 Nc6 10. O-O Be6 11. Rad1 Na5 12. Qc2 Bxc4 13. Bxc4 Naxc4 14. b3 Ne5 15. Nxe5 Bxe5 16. Nd5 Nxd5 17. Rxd5 Qc7 18. f4 Bg7 19. Rd3 b5 20. e4 Rac8 21. f5 Bd4+ 22. Kh1 f6 23. Bh6 Rfe8 24. fxg6 hxg6 25. Rh3 Kf7 26. e5 Bxe5 0-1

[Event "72. C.to Provinciale RC"]
[Site "Reggio di calabria ITA"]
[Date "2012.05.05"]
[Round "2"]
[White "Scerbo, Antonio"]
[Black "Quattrone, Andrea"]
[Result "1/2-1/2"]
[WhiteElo "2042"]
[BlackElo "1795"]
[Annotator "Gabriele Ballarin"]
[PlyCount "54"]
[EventDate "2012.05.04"]
[EventType "swiss"]
[EventCountry "ITA"]

1. d4 Nf6 2. c4 e6 3. Nf3 c5 4. Nc3 cxd4 5. Nxd4 d5 6. Bg5 Nbd7 7. cxd5 exd5 8. Qa4 Qb6 9. O-O-O Bb4 10. Ndb5 Bxc3 11. Nxc3 O-O 12. e3 Ne4 13. Nxe4 dxe4 14. Be7 Qc7+ 15. Kb1 Nc5 16. Bxc5 Qxc5 17. Bc4 Qf5 18. Rd5 Qxf2 19. Rf1 Qxe3 20. Rxf7 Be6 21. Rxf8+ Rxf8 22. Rd4 Bxc4 23. Qxc4+ Kh8 24. Rxe4 Qg1+ 25. Kc2 Qxg2+ 26. Re2 Qg6+ 27. Kb3 h6 1/2-1/2

[Event "72. C.to Provinciale RC"]
[Site "Reggio di calabria ITA"]
[Date "2012.05.05"]
[Round "2"]
[White "Vazzana, Antonio"]
[Black "Ambalagi, Salvatore"]
[Result "1-0"]
[WhiteElo "1712"]
[BlackElo "1374"]
[Annotator "Gabriele Ballarin"]
[PlyCount "51"]
[EventDate "2012.05.04"]
[EventType "swiss"]
[EventCountry "ITA"]

1. c4 e5 2. Nc3 Nf6 3. Nf3 Nc6 4. d4 exd4 5. Nxd4 Ne5 6. e4 Bc5 7. Bf4 d6 8. Be2 O-O 9. O-O b6 10. Nb3 Bb4 11. f3 Be6 12. Nd5 Bc5+ 13. Nxc5 bxc5 14. Bxe5 Nxd5 15. cxd5 Bd7 16. Bc3 c6 17. Bc4 cxd5 18. Qxd5 Be6 19. Qd3 Qg5 20. Bxe6 fxe6 21. Qxd6 Qe3+ 22. Kh1 Rf7 23. Qxe6 Raf8 24. Qg4 g6 25. Qe6 h6 26. Qxg6+ 1-0

[Event "72. C.to Provinciale RC"]
[Site "Reggio di calabria ITA"]
[Date "2012.05.05"]
[Round "2"]
[White "Zampaglione, Davide"]
[Black "Forlano, Luigi"]
[Result "1/2-1/2"]
[WhiteElo "1668"]
[BlackElo "1956"]
[Annotator "Gabriele Ballarin"]
[PlyCount "62"]
[EventDate "2012.05.04"]
[EventType "swiss"]
[EventCountry "ITA"]

1. d4 d5 2. Nf3 c5 3. e3 Nf6 4. c3 Nc6 5. Bd3 Bg4 6. Nbd2 e6 7. O-O Be7 8. Qc2 c4 9. Be2 O-O 10. Re1 Bf5 11. Qd1 b5 12. Nh4 b4 13. Nxf5 exf5 14. Qc2 Ne4 15. Nxe4 fxe4 16. Bd2 a5 17. b3 bxc3 18. Bxc3 Nb4 19. Bxb4 Bxb4 20. Reb1 cxb3 21. Qxb3 Rc8 22. Rc1 Qd6 23. a4 g6 24. Bb5 f5 25. Rc2 Rxc2 26. Qxc2 f4 27. Qc6 fxe3 28. fxe3 Rf6 29. Qxd6 Rxd6 30. Kf1 Kf7 31. Ke2 Rd8 1/2-1/2

[Event "72. C.to Provinciale RC"]
[Site "Reggio di calabria ITA"]
[Date "2012.05.05"]
[Round "2"]
[White "Ziparo, Francesco"]
[Black "Tricomi, Massimo"]
[Result "1/2-1/2"]
[WhiteElo "1626"]
[BlackElo "1850"]
[Annotator "Gabriele Ballarin"]
[PlyCount "95"]
[EventDate "2012.05.04"]
[EventType "swiss"]
[EventCountry "ITA"]

1. c4 b6 2. Nc3 Bb7 3. d4 e6 4. Nf3 f5 5. e3 Nf6 6. Be2 Bb4 7. O-O Bxc3 8. bxc3 O-O 9. Ba3 d6 10. Qb3 Qe7 11. c5 Nc6 12. Ng5 Nd5 13. Nf3 Na5 14. Qb2 Nf6 15. Nd2 Rab8 16. cxd6 cxd6 17. Nc4 Nxc4 18. Bxc4 b5 19. Bd3 Rfc8 20. Rab1 Ne4 21. Bxe4 Bxe4 22. Rbc1 Qg5 23. f3 Bd3 24. Rfe1 d5 25. Bc5 Bc4 26. a3 a5 27. Ra1 a4 28. Rad1 Rb7 29. Rd2 Rf7 30. f4 Qg4 31. Rf2 h5 32. Rf3 h4 33. Qd2 g6 34. Bd6 Rh7 35. Be5 Kf7 36. Qb2 Rg8 37. Qb4 g5 38. h3 Qh5 39. Qd6 Re8 40. fxg5 Qxg5 41. Rc1 Be2 42. Bf4 Qg6 43. Rf2 Bd3 44. Rd1 Bc4 45. Rdd2 Kg8 46. Rf3 Rf7 47. Be5 Rh7 48. Kh2 1/2-1/2

[Event "72. C.to Provinciale RC"]
[Site "Reggio di calabria ITA"]
[Date "2012.05.05"]
[Round "3"]
[White "Attina', Rodolfo"]
[Black "Romeo, Giovanni M"]
[Result "1/2-1/2"]
[WhiteElo "1575"]
[BlackElo "1473"]
[Annotator "Gabriele Ballarin"]
[PlyCount "86"]
[EventDate "2012.05.04"]
[EventType "swiss"]
[EventCountry "ITA"]

1. d4 d5 2. Nf3 e6 3. e3 Bd6 4. a3 Nf6 5. c4 b6 6. Nc3 Bd7 7. cxd5 O-O 8. dxe6 Bxe6 9. g3 Bg4 10. Bg2 c6 11. Qc2 Bxf3 12. Bxf3 b5 13. Ne4 Nxe4 14. Bxe4 g6 15. b4 a5 16. O-O axb4 17. Bb2 bxa3 18. d5 Qe8 19. dxc6 Ra6 20. Bd4 Nxc6 21. Bxc6 Rxc6 22. Qd3 Be5 23. Rxa3 Rd6 24. Qd2 Qd8 25. Rd3 Bxd4 26. exd4 Qd7 27. d5 Rd8 28. Re3 Rxd5 29. Qe2 Rd2 30. Qf3 Rd3 31. Rxd3 Qxd3 32. Qxd3 Rxd3 33. Rb1 Rd5 34. Kf1 Kf8 35. Ke2 Re5+ 36. Kf3 Rf5+ 37. Ke3 Ke7 38. h4 Rd5 39. Ke4 Kd6 40. f4 Kc5 41. Rxb5+ Kxb5 42. Kxd5 Kb4 43. Ke5 Kc3 1/2-1/2

[Event "72. C.to Provinciale RC"]
[Site "Reggio di calabria ITA"]
[Date "2012.05.05"]
[Round "3"]
[White "Barbera, Giuseppe"]
[Black "Fariselli, Umberto"]
[Result "1-0"]
[WhiteElo "1543"]
[BlackElo "1287"]
[Annotator "Gabriele Ballarin"]
[PlyCount "65"]
[EventDate "2012.05.04"]
[EventType "swiss"]
[EventCountry "ITA"]

1. e4 Nf6 2. e5 Nd5 3. d4 e6 4. Nf3 a6 5. a3 b5 6. Bd2 Nc6 7. c4 bxc4 8. Bxc4 Nde7 9. Bg5 Bb7 10. d5 h6 11. dxe6 dxe6 12. Qxd8+ Rxd8 13. Bxe7 Bxe7 14. Bb3 Na5 15. Ba4+ c6 16. Nbd2 O-O 17. b4 Rd5 18. Rb1 Ba8 19. bxa5 Rxa5 20. Bd1 Rxa3 21. O-O Rd8 22. Nc4 c5 23. Nxa3 Bxf3 24. Bxf3 Rd3 25. Rb8+ Bf8 26. Nc4 g6 27. Ra8 Rc3 28. Nd6 Kg7 29. Ne8+ Kg8 30. Nf6+ Kg7 31. Rxa6 Be7 32. Ne8+ Kh7 33. Ra7 1-0